Kautik on embers / (Record no. 151765)

MARC details
000 -LEADER
fixed length control field 00577nam a22001937a 4500
005 - DATE AND TIME OF LATEST TRANSACTION
control field 20180426122028.0
010 ## - LCCN (DPL NO)
LC control number ENG-122675
020 ## - INTERNATIONAL STANDARD BOOK NUMBER
International Standard Book Number 9789386050656
Terms of availability 350.00
035 ## - SYSTEM CONTROL NUMBER
System control number EN-106207
037 ## - SOURCE OF ACQUISITION
Source of stock number/acquisition DBAD/PUB
082 ## - DEWEY DECIMAL CLASSIFICATION NUMBER
Classification number N
100 ## - MAIN ENTRY--PERSONAL NAME
Personal name Shelke, Uddhav J.
245 ## - TITLE STATEMENT
Title Kautik on embers /
Statement of responsibility, etc by Uddhav J. Shelke [and] translated by Shanta Gokhale
260 ## - PUBLICATION, DISTRIBUTION, ETC. (IMPRINT)
Place of publication, distribution, etc New Delhi
Name of publisher, distributor, etc Speaking Tiger Publications
Date of publication, distribution, etc 2017
270 ## - ADDRESS
Address 4381/4, Ansari Road, Daryaganj,
City New Delhi
Postal code 110002
300 ## - PHYSICAL DESCRIPTION
Extent 291p.
Dimensions 21cm(pbk)
700 ## - ADDED ENTRY--PERSONAL NAME
Personal name Gokhale, Shanta
942 ## - ADDED ENTRY ELEMENTS (KOHA)
Source of classification or shelving scheme Dewey Decimal Classification
Item type English Books
Call number suffix SHE
Classification part N
Holdings
Withdrawn status Lost status Not for loan Collection code Home library Current library Date acquired Source of acquisition Cost, normal purchase price Full call number Barcode Copy number Cost, replacement price Koha item type
    Not For Loan Fiction D.B.Act.Division Sarojini Nagar 26/04/2018 DBAD/PUB 350.00 N SHE EN-106207 1 350.00 English Books

© Delhi Public Library
Hit Counter
free hit counter